| 000 | 00997nas a2200265 i 4500 | ||
|---|---|---|---|
| 001 | 1937 | ||
| 003 | ES-MaACL | ||
| 005 | 20250819081832.0 | ||
| 007 | t| | ||
| 008 | 950801c1938 dr | | 1 ||pa d | ||
| 080 | _a34 | ||
| 245 | 0 | 0 |
_aRevista jurídica dominicana : _bórgano de la Procuraduría General de la República : [publicación trimestral de divulgación jurídica editada por la Procuraduría General de la República] / _c[dir., José E. García Aybar]. |
| 260 |
_aCiudad Trujillo : _bEd. del Caribe, _c1938- |
||
| 300 |
_a3 v. ; _c23 cm. |
||
| 310 | _aTrimestral | ||
| 362 | 0 | _aAño I (1938)- | |
| 650 | 1 | 7 |
_aDerecho _2embne _911602 |
| 655 | 7 |
_2tgfbne _9226866 _aRevistas |
|
| 700 | 1 |
_aGarcía Aybar, José E, _9194323 |
|
| 710 | 1 |
_aRepública Dominicana. _bProcuraduría General de la República _9165418 |
|
| 852 |
_aES-MaACL _jHEM-H-333 _dOlim: Hem-1498 _91976 _cHEM |
||
| 866 | 0 | _o(1953)1954(1955-56)1957-58(1959f.n.70-71)(1960). | |
| 942 | _2udc | ||
| 999 |
_c1937 _d1937 |
||